00547cam a22002051 4500001001300000003000400013005001700017008004100034010001700075035001900092040003700111042001200148050002400160100003600184245001400220260003600234300002500270440003100295999001500326af 49000833 DLC20260227110917.0780128s1935 xx 000 0 ger c aaf 49000833  a(OCoLC)3586691 aWisconsin Univ. Libr.cScCCdDLC apremarc00aPT1837.C5bA6 1935a1 aClaudius, Matthias,d1740-1815.00aClaudius. a[Berlin,bR. Oldenbourg,c1935] a31 p.bport.c21 cm. 0aDeutsche Gedichte, Heftv8 c6751d6751